Maternal and child in health : (Record no. 101177)

MARC details
000 -LEADER
fixed length control field 00576nam a22001937a 4500
005 - DATE AND TIME OF LATEST TRANSACTION
control field 20160712103146.0
010 ## - LCCN (DPL NO)
LC control number ENG-115381
020 ## - INTERNATIONAL STANDARD BOOK NUMBER
International Standard Book Number 9789380574738
Terms of availability 1395.00
020 ## - INTERNATIONAL STANDARD BOOK NUMBER
International Standard Book Number 9380574738
Terms of availability 1395.00
035 ## - SYSTEM CONTROL NUMBER
System control number EN-98913
037 ## - SOURCE OF ACQUISITION
Source of stock number/acquisition DBAD/PUB
082 ## - DEWEY DECIMAL CLASSIFICATION NUMBER
Classification number 362.19820954
245 ## - TITLE STATEMENT
Title Maternal and child in health :
Remainder of title policies and challenges /
Statement of responsibility, etc Suresh Sharma
260 ## - PUBLICATION, DISTRIBUTION, ETC. (IMPRINT)
Place of publication, distribution, etc Delhi
Name of publisher, distributor, etc Bookwell
Date of publication, distribution, etc 2015
270 ## - ADDRESS
Address 3/79,Nirankari Colony
City Delhi
Postal code 110009
300 ## - PHYSICAL DESCRIPTION
Extent xx,338p.
Dimensions 25cm(Hb)
700 ## - ADDED ENTRY--PERSONAL NAME
Personal name Sharma,Suresh
942 ## - ADDED ENTRY ELEMENTS (KOHA)
Source of classification or shelving scheme Dewey Decimal Classification
Item type English Books
Classification part 362.19820954
Call number suffix MAT
Holdings
Withdrawn status Lost status Not for loan Collection code Home library Current library Date acquired Source of acquisition Cost, normal purchase price Full call number Barcode Copy number Cost, replacement price Koha item type
    Not For Loan Fiction D.B.Act.Division Bawana 06/07/2016 DBAD/PUB 1395.00 362.19820954 EN-98913 1 1395.00 English Books

© Delhi Public Library
Hit Counter
free hit counter